000 01875nam0a2200361 4500
001 RU\NLR\BIBL_A\011629917
005 20180302151752.0
010 _a978-5-389-08292-2
_93500
021 _aRU
_bКН-П-18-002737
_9КН-П-18-0189
035 _a(NLR Aleph) 011629917
035 _a(RuMoRGB)009493294
090 _a11028381
_c11028381
100 _a20180215d2017 u y0rusy50 ca
101 1 _arus
_ceng
102 _aRU
_aUA
105 _aa|||z|||000ay
200 1 _aЗнак четырех
_aВозвращение Шерлока Холмса
_e[роман, рассказы]
_fАртур Конан Дойл
_g[перевод с английского Людмилы Бриловой и др.
_gиллюстрации Сидни Пэджета, Рихарда Гутшмидта]
210 _aСанкт-Петербург
_cАзбука
_cАзбука-Аттикус
_aКиев
_cМахаон-Украина
_d2017 (макет 2018)
215 _a667, [2] с.
_cил.
_d21
225 1 _aМир приключений
_eМП
309 _aКн. в пояске
327 1 _aСодерж.: Знак четырех; Возвращение Шерлока Холмса; Приложения: Прил. 1. Две пьесы о Шерлоке Холмсе; Прил. 2. Шерлок Холмс на покое; Прил. 3. Морфология Холмса
333 _a16+
686 _aШ5(4Вл)53-644.6
_2rubbk
686 1 _aШ6(4Вл)57-446{Лх1297-60}
700 1 _7ca
_8rus
_aДойл
_bА. К.
_f1859-1930
_gАртур Конан
_9113265
_3RU\NLR\AUTH\773259
702 1 _aПэджет
_bС.
_gСидни
_4440
702 1 _aГутшмидт
_bР.
_gРихард
_4440
942 _cBOOK
980 _aNB